CALL ME IF YOU GET LOST: The Estate Sale (Tracklist) - Statistics

General Stats
  • This quiz has been taken 76 times
  • The average score is 19 of 24
Answer Stats
TRACKLIST % Correct
SORRY NOT SORRY
95%
CORSO
93%
SIR BAUDELAIRE (ft. DJ Drama)
93%
WHARF TALK (ft. A$AP Rocky)
90%
LEMONHEAD (ft. 42 Dugg)
88%
LUMBERJACK
88%
MASSA
88%
JUGGERNAUT (ft. Lil Uzi Vert & Pharrell Williams)
85%
SAFARI
85%
DOGTOOTH
83%
WUSYANAME (ft. Ty Dolla $ign & YoungBoy Never Broke Again)
83%
MOMMA TALK
80%
RISE! (ft. DAISY WORLD)
80%
SWEET / I THOUGHT YOU WANTED TO DANCE (ft. Brent Faiyaz & Fana Hues)
80%
BOYFRIEND, GIRLFRIEND (2020 Demo) (ft. YG)
75%
WILSHIRE
75%
BLESSED
73%
HOT WIND BLOWS (ft. Lil Wayne)
73%
HEAVEN TO ME
70%
MANIFESTO (ft. Domo Genesis)
70%
RUNITUP (ft. Teezo Touchdown)
68%
WHAT A DAY
68%
STUNTMAN (ft. Vince Staples)
58%
EVERYTHING MUST GO
53%
No matching quizzes found
Score Distribution
Percent of People with Each Score
Percentile by Number Answered
Your Score History
You have not taken this quiz